<?xml version="1.0" encoding="UTF-8"?>
<record
    xmlns:xsi="http://www.w3.org/2001/XMLSchema-instance"
    xsi:schemaLocation="http://www.loc.gov/MARC21/slim http://www.loc.gov/standards/marcxml/schema/MARC21slim.xsd"
    xmlns="http://www.loc.gov/MARC21/slim">

  <leader>00641nam a22002055i 4500</leader>
  <controlfield tag="001">162501</controlfield>
  <controlfield tag="003">ES-MaACL</controlfield>
  <controlfield tag="005">20230906212536.0</controlfield>
  <controlfield tag="008">041117s1862    fr           |||| | fre d</controlfield>
  <datafield tag="040" ind1=" " ind2=" ">
    <subfield code="a">CAM </subfield>
    <subfield code="b">spa </subfield>
    <subfield code="c">CAM</subfield>
  </datafield>
  <datafield tag="100" ind1="1" ind2=" ">
    <subfield code="a">Poujard'hieu, G.</subfield>
    <subfield code="9">131321</subfield>
  </datafield>
  <datafield tag="245" ind1="1" ind2="4">
    <subfield code="a">Les chemins de fer et le cr&#xE9;dit en France / </subfield>
    <subfield code="c">G. Poujard'hieu.</subfield>
  </datafield>
  <datafield tag="260" ind1=" " ind2=" ">
    <subfield code="a">Paris : </subfield>
    <subfield code="b">Hung-Treuttel, </subfield>
    <subfield code="c">1862 (</subfield>
    <subfield code="f">Imprimerie de J. Claye)</subfield>
  </datafield>
  <datafield tag="300" ind1=" " ind2=" ">
    <subfield code="a">410 p. ; </subfield>
    <subfield code="c">18 cm.</subfield>
  </datafield>
  <datafield tag="490" ind1="1" ind2=" ">
    <subfield code="a">Collection Hetzel</subfield>
  </datafield>
  <datafield tag="650" ind1=" " ind2="4">
    <subfield code="a">Ferrocarriles-</subfield>
    <subfield code="z">Francia.</subfield>
    <subfield code="9">136103</subfield>
  </datafield>
  <datafield tag="830" ind1="0" ind2=" ">
    <subfield code="a">Collection Hetzel</subfield>
    <subfield code="9">188385</subfield>
  </datafield>
  <datafield tag="852" ind1=" " ind2=" ">
    <subfield code="a">ES-MaACL</subfield>
    <subfield code="j">G-11098 </subfield>
    <subfield code="z">-- Enc. hol.</subfield>
  </datafield>
  <datafield tag="999" ind1=" " ind2=" ">
    <subfield code="c">162501</subfield>
    <subfield code="d">162501</subfield>
  </datafield>
  <datafield tag="952" ind1=" " ind2=" ">
    <subfield code="0">0</subfield>
    <subfield code="1">0</subfield>
    <subfield code="4">0</subfield>
    <subfield code="7">0</subfield>
    <subfield code="8">LIBXIX</subfield>
    <subfield code="a">ATENEOM</subfield>
    <subfield code="b">ATENEOM</subfield>
    <subfield code="c">SPP3</subfield>
    <subfield code="d">2008-01-17</subfield>
    <subfield code="e">SSC</subfield>
    <subfield code="l">0</subfield>
    <subfield code="o">G-11098</subfield>
    <subfield code="p">1170239</subfield>
    <subfield code="r">2023-02-23 00:00:00</subfield>
    <subfield code="w">2023-02-23</subfield>
    <subfield code="y">MONANT</subfield>
  </datafield>
</record>
